Challenges of animal health information systems and surveillance for animal diseases and zoonoses.

Bibliographic Details
Corporate Author: Food and Agriculture Organization of the United Nations
Format: Book
Language:English
Published: Rome : Food and Agriculture Organization of the United Nations, 2011.
Series:FAO animal production and health proceedings ; 14.
Subjects:

MARC

Tag First Indicator Second Indicator Subfields
LEADER 00000cam a2200000Ia 4500
001 in00002781236
005 20150922121005.0
008 120426s2011 it ab b 000 0 eng d
020 |a 9789251070345 
020 |a 9251070342 
035 |a (OCoLC)ocn792879766 
040 |a BTCTA  |b eng  |c BTCTA  |d UAT  |d YDXCP  |d TXA  |d UtOrBLW 
049 |a TXAM 
050 4 |a RC113.5  |b .C49 2011 
245 0 0 |a Challenges of animal health information systems and surveillance for animal diseases and zoonoses. 
264 1 |a Rome :  |b Food and Agriculture Organization of the United Nations,  |c 2011. 
300 |a xi, 122 pages :  |b illustrations (some color), color map ;  |c 25 cm. 
336 |a text  |b txt  |2 rdacontent 
337 |a unmediated  |b n  |2 rdamedia 
338 |a volume  |b nc  |2 rdacarrier 
490 1 |a FAO animal production and health proceedings,  |x 1810-0732 ;  |v 14 
504 |a Includes bibliographical references. 
650 0 |a Zoonoses. 
650 0 |a Animals as carriers of disease. 
650 0 |a Public health surveillance. 
650 0 |a Health surveys  |x Statistical methods. 
650 0 |a Animal health. 
710 2 |a Food and Agriculture Organization of the United Nations. 
830 0 |a FAO animal production and health proceedings ;  |v 14. 
948 |a cataloged  |b h  |c 2012/9/27  |d c  |e ceaton  |f 2:48:33 pm 
994 |a C0  |b TXA 
999 |a MARS 
999 f f |s 53d5f88e-3e77-39e0-ab02-8c1ebcca6dae  |i 4a5f0964-d860-3215-a6d4-9a8bbfa8d1bc  |t 0 
952 f f |p ric  |a Texas A&M University  |b Rellis Campus  |c Joint Library Facility  |d Remote Storage  |t 0  |e RC113.5 .C49 2011  |h Library of Congress classification  |i unmediated -- volume  |m A14841524426 
998 f f |a RC113.5 .C49 2011  |t 0  |l Remote Storage